000 00398nam a2200145Ia 4500
008 240624s9999 xx 000 0 und d
041 _aeng
082 _a336.54 HYM
100 _aHYMAN DAVID N
245 _aPUBLIC FINANCE A CONTEMPORARY APPLICATIO
250 _a(10th ed.)
260 _c2011
_aAustralia
_bSouth-Western Cengage Learning
300 _axvii, : 782 : p. : cm. ; 23
365 _c
_b30
999 _c19789
_d19789